<?xml version="1.0" encoding="UTF-8"?>
<record
    xmlns:xsi="http://www.w3.org/2001/XMLSchema-instance"
    xsi:schemaLocation="http://www.loc.gov/MARC21/slim http://www.loc.gov/standards/marcxml/schema/MARC21slim.xsd"
    xmlns="http://www.loc.gov/MARC21/slim">

  <leader>01539caa a2200253 ib4500</leader>
  <controlfield tag="003">SA-RiAUC</controlfield>
  <controlfield tag="005">20241004153319.0</controlfield>
  <controlfield tag="008">241004s2003    su ab  f de  f010 0 ara c</controlfield>
  <datafield tag="014" ind1=" " ind2=" ">
    <subfield code="a">12203128925</subfield>
  </datafield>
  <datafield tag="040" ind1=" " ind2=" ">
    <subfield code="a">WILDLIFE</subfield>
    <subfield code="b">ara</subfield>
    <subfield code="c">SA-RiAUC</subfield>
    <subfield code="e">rda</subfield>
  </datafield>
  <datafield tag="043" ind1=" " ind2=" ">
    <subfield code="a">a-su---</subfield>
  </datafield>
  <datafield tag="082" ind1="0" ind2="4">
    <subfield code="a">915.3103</subfield>
  </datafield>
  <datafield tag="110" ind1="2" ind2=" ">
    <subfield code="a">&#x62F;&#x627;&#x631;&#x629; &#x627;&#x644;&#x645;&#x644;&#x643; &#x639;&#x628;&#x62F; &#x627;&#x644;&#x639;&#x632;&#x64A;&#x632;</subfield>
    <subfield code="e">&#x645;&#x624;&#x644;&#x641;.</subfield>
  </datafield>
  <datafield tag="245" ind1="1" ind2="0">
    <subfield code="a">&#x645;&#x648;&#x633;&#x648;&#x639;&#x629; &#x623;&#x633;&#x645;&#x627;&#x621; &#x627;&#x644;&#x623;&#x645;&#x627;&#x643;&#x646; &#x641;&#x64A; &#x627;&#x644;&#x645;&#x645;&#x644;&#x643;&#x629; &#x627;&#x644;&#x639;&#x631;&#x628;&#x64A;&#x629; &#x627;&#x644;&#x633;&#x639;&#x648;&#x62F;&#x64A;&#x629; /</subfield>
    <subfield code="c">&#x62F;&#x627;&#x631;&#x629; &#x627;&#x644;&#x645;&#x644;&#x643; &#x639;&#x628;&#x62F; &#x627;&#x644;&#x639;&#x632;&#x64A;&#x632;&#x60C; &#x647;&#x64A;&#x626;&#x629; &#x627;&#x644;&#x645;&#x633;&#x627;&#x62D;&#x629; &#x627;&#x644;&#x62C;&#x64A;&#x648;&#x644;&#x648;&#x62C;&#x64A;&#x629; &#x627;&#x644;&#x633;&#x639;&#x648;&#x62F;&#x64A;&#x629;.</subfield>
  </datafield>
  <datafield tag="300" ind1=" " ind2=" ">
    <subfield code="a">&#x635;&#x641;&#x62D;&#x629; :</subfield>
    <subfield code="b">&#x62C;&#x62F;&#x627;&#x648;&#x644;&#x60C; &#x62E;&#x631;&#x627;&#x626;&#x637;</subfield>
  </datafield>
  <datafield tag="336" ind1=" " ind2=" ">
    <subfield code="a">&#x646;&#x635;</subfield>
    <subfield code="b">txt</subfield>
    <subfield code="2">rdacontent</subfield>
    <subfield code="3">&#x643;&#x62A;&#x627;&#x628;</subfield>
  </datafield>
  <datafield tag="337" ind1=" " ind2=" ">
    <subfield code="a">&#x628;&#x62F;&#x648;&#x646; &#x648;&#x633;&#x64A;&#x637;</subfield>
    <subfield code="b">n</subfield>
    <subfield code="2">rdamedia</subfield>
  </datafield>
  <datafield tag="338" ind1=" " ind2=" ">
    <subfield code="a">&#x645;&#x62C;&#x644;&#x62F;</subfield>
    <subfield code="b">nc</subfield>
    <subfield code="2">rdacarrier</subfield>
  </datafield>
  <datafield tag="500" ind1=" " ind2=" ">
    <subfield code="a">&#x637;&#x628;&#x639;&#x62A; &#x647;&#x630;&#x647; &#x627;&#x644;&#x645;&#x648;&#x633;&#x648;&#x639;&#x629; &#x628;&#x645;&#x646;&#x627;&#x633;&#x628;&#x629; &#x627;&#x644;&#x627;&#x62D;&#x62A;&#x641;&#x627;&#x644; &#x628;&#x645;&#x631;&#x648;&#x631; &#x639;&#x634;&#x631;&#x64A;&#x646; &#x639;&#x627;&#x645;&#x627; &#x639;&#x644;&#x649; &#x62A;&#x648;&#x644;&#x64A; &#x62E;&#x627;&#x62F;&#x645; &#x627;&#x644;&#x62D;&#x631;&#x645;&#x64A;&#x646; &#x627;&#x644;&#x634;&#x631;&#x64A;&#x641;&#x64A;&#x646; &#x627;&#x644;&#x645;&#x644;&#x643; &#x641;&#x647;&#x62F; &#x628;&#x646; &#x639;&#x628;&#x62F; &#x627;&#x644;&#x639;&#x632;&#x64A;&#x632; &#x645;&#x642;&#x627;&#x644;&#x64A;&#x62F; &#x627;&#x644;&#x62D;&#x643;&#x645;.</subfield>
  </datafield>
  <datafield tag="651" ind1=" " ind2="7">
    <subfield code="a">&#x627;&#x644;&#x633;&#x639;&#x648;&#x62F;&#x64A;&#x629;</subfield>
    <subfield code="v">&#x645;&#x639;&#x627;&#x62C;&#x645; &#x62C;&#x63A;&#x631;&#x627;&#x641;&#x64A;&#x629;</subfield>
    <subfield code="v">&#x62F;&#x648;&#x627;&#x626;&#x631; &#x645;&#x639;&#x627;&#x631;&#x641;</subfield>
    <subfield code="2">aucsh</subfield>
  </datafield>
  <datafield tag="710" ind1="2" ind2=" ">
    <subfield code="a">&#x647;&#x64A;&#x626;&#x629; &#x627;&#x644;&#x645;&#x633;&#x627;&#x62D;&#x629; &#x627;&#x644;&#x62C;&#x64A;&#x648;&#x644;&#x648;&#x62C;&#x64A;&#x629; &#x627;&#x644;&#x633;&#x639;&#x648;&#x62F;&#x64A;&#x629;</subfield>
    <subfield code="e">&#x645;&#x624;&#x644;&#x641;.</subfield>
  </datafield>
  <datafield tag="773" ind1="0" ind2=" ">
    <subfield code="a">&#x62F;&#x627;&#x631;&#x629; &#x627;&#x644;&#x645;&#x644;&#x643; &#x639;&#x628;&#x62F; &#x627;&#x644;&#x639;&#x632;&#x64A;&#x632; &#x645;&#x624;&#x644;&#x641;.</subfield>
    <subfield code="t">&#x645;&#x648;&#x633;&#x648;&#x639;&#x629; &#x623;&#x633;&#x645;&#x627;&#x621; &#x627;&#x644;&#x623;&#x645;&#x627;&#x643;&#x646; &#x641;&#x64A; &#x627;&#x644;&#x645;&#x645;&#x644;&#x643;&#x629; &#x627;&#x644;&#x639;&#x631;&#x628;&#x64A;&#x629; &#x627;&#x644;&#x633;&#x639;&#x648;&#x62F;&#x64A;&#x629; / &#x62F;&#x627;&#x631;&#x629; &#x627;&#x644;&#x645;&#x644;&#x643; &#x639;&#x628;&#x62F; &#x627;&#x644;&#x639;&#x632;&#x64A;&#x632; &#x61B; &#x647;&#x64A;&#x626;&#x629; &#x627;&#x644;&#x645;&#x633;&#x627;&#x62D;&#x629; &#x627;&#x644;&#x62C;&#x64A;&#x648;&#x644;&#x648;&#x62C;&#x64A;&#x629; &#x627;&#x644;&#x633;&#x639;&#x648;&#x62F;&#x64A;&#x629;.</subfield>
    <subfield code="b">&#x627;&#x644;&#x637;&#x628;&#x639;&#x629; &#x627;&#x644;&#x623;&#x648;&#x644;&#x649;.</subfield>
    <subfield code="w">ocm00128734</subfield>
    <subfield code="h">&#x62C;. 1</subfield>
    <subfield code="z">9960880176</subfield>
  </datafield>
  <datafield tag="949" ind1=" " ind2=" ">
    <subfield code="a">SA-JeALM</subfield>
    <subfield code="d">241004</subfield>
    <subfield code="u">khaled123</subfield>
    <subfield code="n">1</subfield>
  </datafield>
  <datafield tag="952" ind1=" " ind2=" ">
    <subfield code="0">0</subfield>
    <subfield code="1">0</subfield>
    <subfield code="2">ddc</subfield>
    <subfield code="3">&#x627;&#x644;&#x645;&#x62C;&#x644;&#x62F; &#x627;&#x644;&#x627;&#x648;&#x644;</subfield>
    <subfield code="4">0</subfield>
    <subfield code="7">0</subfield>
    <subfield code="a">WAHAB</subfield>
    <subfield code="b">WAHAB</subfield>
    <subfield code="d">2024-10-04</subfield>
    <subfield code="l">0</subfield>
    <subfield code="o">915.31 &#x62F; &#x627; &#x631;</subfield>
    <subfield code="p">000001309</subfield>
    <subfield code="r">2024-10-04 15:38:27</subfield>
    <subfield code="w">2024-10-04</subfield>
    <subfield code="y">BOOK</subfield>
  </datafield>
  <datafield tag="952" ind1=" " ind2=" ">
    <subfield code="0">0</subfield>
    <subfield code="1">0</subfield>
    <subfield code="2">ddc</subfield>
    <subfield code="3">&#x627;&#x644;&#x645;&#x62C;&#x644;&#x62F; &#x627;&#x644;&#x62B;&#x627;&#x646;&#x64A;</subfield>
    <subfield code="4">0</subfield>
    <subfield code="7">0</subfield>
    <subfield code="a">WAHAB</subfield>
    <subfield code="b">WAHAB</subfield>
    <subfield code="d">2024-10-04</subfield>
    <subfield code="l">0</subfield>
    <subfield code="o">915.31 &#x62F; &#x627; &#x631;</subfield>
    <subfield code="p">000001310</subfield>
    <subfield code="r">2024-10-04 15:38:27</subfield>
    <subfield code="w">2024-10-04</subfield>
    <subfield code="y">BOOK</subfield>
  </datafield>
  <datafield tag="952" ind1=" " ind2=" ">
    <subfield code="0">0</subfield>
    <subfield code="1">0</subfield>
    <subfield code="2">ddc</subfield>
    <subfield code="3">&#x627;&#x644;&#x645;&#x62C;&#x644;&#x62F; &#x627;&#x644;&#x62B;&#x627;&#x644;&#x62B;</subfield>
    <subfield code="4">0</subfield>
    <subfield code="7">0</subfield>
    <subfield code="a">WAHAB</subfield>
    <subfield code="b">WAHAB</subfield>
    <subfield code="d">2024-10-04</subfield>
    <subfield code="l">0</subfield>
    <subfield code="o">915.31 &#x62F; &#x627; &#x631;</subfield>
    <subfield code="p">000001311</subfield>
    <subfield code="r">2024-10-04 15:38:27</subfield>
    <subfield code="w">2024-10-04</subfield>
    <subfield code="y">BOOK</subfield>
  </datafield>
  <datafield tag="952" ind1=" " ind2=" ">
    <subfield code="0">0</subfield>
    <subfield code="1">0</subfield>
    <subfield code="2">ddc</subfield>
    <subfield code="3">&#x627;&#x644;&#x645;&#x62C;&#x644;&#x62F; &#x627;&#x644;&#x631;&#x627;&#x628;&#x639;</subfield>
    <subfield code="4">0</subfield>
    <subfield code="7">0</subfield>
    <subfield code="a">WAHAB</subfield>
    <subfield code="b">WAHAB</subfield>
    <subfield code="d">2024-10-04</subfield>
    <subfield code="l">0</subfield>
    <subfield code="o">915.31 &#x62F; &#x627; &#x631;</subfield>
    <subfield code="p">000001312</subfield>
    <subfield code="r">2024-10-04 15:38:27</subfield>
    <subfield code="w">2024-10-04</subfield>
    <subfield code="y">BOOK</subfield>
  </datafield>
  <datafield tag="952" ind1=" " ind2=" ">
    <subfield code="0">0</subfield>
    <subfield code="1">0</subfield>
    <subfield code="2">ddc</subfield>
    <subfield code="3">&#x627;&#x644;&#x645;&#x62C;&#x644;&#x62F; &#x627;&#x644;&#x62E;&#x627;&#x645;&#x633;</subfield>
    <subfield code="4">0</subfield>
    <subfield code="7">0</subfield>
    <subfield code="a">WAHAB</subfield>
    <subfield code="b">WAHAB</subfield>
    <subfield code="d">2024-10-04</subfield>
    <subfield code="l">0</subfield>
    <subfield code="o">915.31 &#x62F; &#x627; &#x631;</subfield>
    <subfield code="p">000001313</subfield>
    <subfield code="r">2024-10-04 15:38:27</subfield>
    <subfield code="w">2024-10-04</subfield>
    <subfield code="y">BOOK</subfield>
  </datafield>
  <datafield tag="952" ind1=" " ind2=" ">
    <subfield code="0">0</subfield>
    <subfield code="1">0</subfield>
    <subfield code="2">ddc</subfield>
    <subfield code="3">&#x627;&#x644;&#x645;&#x62C;&#x644;&#x62F; &#x627;&#x644;&#x633;&#x627;&#x62F;&#x633; (&#x62E;&#x631;&#x627;&#x626;&#x637;)</subfield>
    <subfield code="4">0</subfield>
    <subfield code="7">0</subfield>
    <subfield code="a">WAHAB</subfield>
    <subfield code="b">WAHAB</subfield>
    <subfield code="d">2024-10-04</subfield>
    <subfield code="l">0</subfield>
    <subfield code="o">915.31 &#x62F; &#x627; &#x631;</subfield>
    <subfield code="p">000001314</subfield>
    <subfield code="r">2024-10-04 15:38:27</subfield>
    <subfield code="w">2024-10-04</subfield>
    <subfield code="y">BOOK</subfield>
  </datafield>
  <datafield tag="999" ind1=" " ind2=" ">
    <subfield code="c">870</subfield>
    <subfield code="d">870</subfield>
  </datafield>
</record>
